Ed Sheeran Charting Songs (Billboard Hot 100) - Statistics

General Stats
  • This quiz has been taken 246 times
    30 since last reset
  • The average score is 18 of 60
Answer Stats
Album Weeks On Peak Artist(s) Song % Correct
÷ 59 Weeks #1 (12 Weeks) Ed Sheeran Shape of You
95%
÷ 57 Weeks #1 (6 Weeks) Ed Sheeran Perfect
89%
x 58 Weeks #2 Ed Sheeran Thinking Out Loud
68%
No. 6 Collaborations Project 39 Weeks #2 Ed Sheeran & Justin Bieber I Don't Care
63%
+ 16 Weeks #42 Ed Sheeran Lego House
63%
= 56 Weeks #2 Ed Sheeran Bad Habits
58%
÷ 33 Weeks #6 Ed Sheeran Castle on the Hill
58%
= 52 Weeks #4 Ed Sheeran Shivers
58%
+ 33 Weeks #16 Ed Sheeran The A Team
58%
x 36 Weeks #9 Ed Sheeran Don't
53%
÷ 5 Weeks #53 Ed Sheeran Galway Girl
53%
x 30 Weeks #10 Ed Sheeran Photograph
53%
x 20 Weeks #13 Ed Sheeran Sing
53%
No. 6 Collaborations Project 26 Weeks #13 Ed Sheeran ft. Khalid Beautiful People
47%
Play 16 Weeks #28 Ed Sheeran Azizam
42%
Red 20 Weeks #32 Taylor Swift ft. Ed Sheeran Everything Has Changed
42%
Red (Taylor's Version) 1 Week #63 Taylor Swift ft. Ed Sheeran Everything Has Changed (Taylor's Version)
42%
Revival 13 Weeks #11 Eminem ft. Ed Sheeran River
42%
reputation. 14 Weeks #18 Taylor Swift ft. Ed Sheeran & Future End Game
37%
Non-Album Single 14 Weeks #53 Fireboy DML & Ed Sheeran Peru
37%
No. 6 Collaborations Project 12 Weeks #49 Ed Sheeran ft. Camila Cabello & Cardi B South of the Border
37%
÷ 1 Week #75 Ed Sheeran Supermarket Flowers
37%
= 15 Weeks #47 Ed Sheeran ft. Lil Baby 2Step
32%
Familia 20 Weeks #21 Camila Cabello ft. Ed Sheeran Bam Bam
32%
= 3 Weeks #21 Ed Sheeran ft. Taylor Swift The Joker and the Queen
32%
÷ (Deluxe) 1 Week #96 Ed Sheeran Barcelona
26%
÷ 2 Weeks #49 Ed Sheeran Dive
26%
- 20 Weeks #19 Ed Sheeran Eyes Closed
26%
÷ 2 Weeks #59 Ed Sheeran Happier
26%
= (Japanese Edition) 10 Weeks #29 Ed Sheeran Afterglow
21%
No. 6 Collaborations Project 2 Weeks #60 Ed Sheeran with Chris Stapleton & Bruno Mars BLOW
21%
Beauty Behind the Madness 3 Weeks #91 The Weeknd ft. Ed Sheeran Dark Times
21%
= (Christmas Edition) 12 Weeks #37 Ed Sheeran & Elton John Merry Christmas
21%
Play 1 Week #89 Ed Sheeran Old Phone
21%
Red (Taylor's Version) 1 Week #47 Taylor Swift ft. Ed Sheeran Run (Taylor's Version)
21%
Play 3 Weeks #74 Ed Sheeran Sapphire
21%
= 1 Week #75 Ed Sheeran Visiting Hours
21%
No. 6 Collaborations Project 4 Weeks #37 Ed Sheeran & Travi$ Scott Antisocial
16%
No. 6 Collaborations Project 1 Week #99 Ed Sheeran ft. YEBBA Best Part of Me
16%
No. 6 Collaborations Project 10 Weeks #25 Ed Sheeran ft. Chance The Rapper & PnB Rock Cross Me
16%
÷ 1 Week #90 Ed Sheeran Eraser
16%
We The Generation 16 Weeks #48 Rudimental ft. Ed Sheeran Lay It All on Me
16%
Non-Album Single 5 Weeks #93 Lupe Fiasco ft. Ed Sheeran Old School Love
16%
= 2 Weeks #41 Ed Sheeran Overpass Graffiti
16%
No. 6 Collaborations Project 1 Week #57 Ed Sheeran ft. Eminem & 50 Cent Remember the Name
16%
Music to Be Murdered By 2 Weeks #31 Eminem ft. Ed Sheeran Those Kinda Nights
16%
x 1 Week #37 Ed Sheeran Afire Love
11%
Non-Album Single 1 Week #97 Russ ft. Ed Sheeran Are You Entertained?
11%
Play 18 Weeks #58 Ed Sheeran Camera
11%
- 1 Week #97 Ed Sheeran Curtains
11%
÷ 1 Week #93 Ed Sheeran Hearts Don't Break Around Here
11%
÷ 2 Weeks #41 Ed Sheeran How Would You Feel (Paean)
11%
Cloud 9 1 Week #67 Megan Moroney & Ed Sheeran I Only Miss You
11%
- 2 Weeks #66 Ed Sheeran & Luke Combs Life Goes On
11%
÷ 1 Week #72 Ed Sheeran New Man
11%
x 1 Week #87 Ed Sheeran One
11%
Non-Album Single 1 Week #89 J Balvin & Ed Sheeran Sigue
11%
÷ 1 Week #83 Ed Sheeran What Do I Know?
11%
People Keep Talking 4 Weeks #71 Hoodie Allen ft. Ed Sheeran All About It
5%
Sons of Anarchy 2 Weeks #34 Ed Sheeran Make It Rain
5%
No matching quizzes found
Score Distribution
Percent of People with Each Score
Percentile by Number Answered
Your Score History
You have not taken this quiz since the last reset